| 000 | 00858nam a2200217Ia 4500 | ||
|---|---|---|---|
| 003 | OSt | ||
| 005 | 20200924124736.0 | ||
| 008 | 191128s1971 ck a gr 000 0 spa d | ||
| 040 |
_aCO-JMCR _cCO-JMCR |
||
| 041 | 0 | _aspa | |
| 082 | 0 | 4 |
_a581 / _bV597e _223 |
| 100 | 1 |
_aVezga, Florentino, _d1833-1890, _eautor _910807 |
|
| 245 | 1 | 3 |
_aLa expedición botánica: _bBotánica indígena, la expedición botánica, la botánica desde 1816 hasta 1859 / _cFlorentino Vezga |
| 260 |
_aCali : _bCarvajar & Cía, _c1971. |
||
| 300 |
_a263 Páginas : _bIlustraciones blanco y negro ; _c24 cm. |
||
| 505 | 0 | _aProemio -- La expedición botánica: Botánica indigena -- La expedición botánica -- La botánica desde 1816 hasta 1859 | |
| 546 | _aspa | ||
| 650 | 2 | 4 |
_aExpedición botánica _910808 |
| 650 | 2 | 4 |
_aMutis, José Celestino, _y1732-1808. _910809 |
| 942 |
_2ddc _cBK |
||
| 999 |
_c3674 _d3674 |
||